crystallized - Poppy - Statistics

General Stats
  • This quiz has been taken 3 times
  • The average score is 152 of 287
Answer Stats
˖᯽ ݁˖ % Correct
I
100%
(I
100%
I'm
100%
it
100%
It
100%
a
50%
adored"
50%
again
50%
again,
50%
all
50%
alone
50%
and
50%
angel's
50%
at
50%
back
50%
be
50%
been
50%
before,
50%
bored
50%
broken,
50%
but
50%
cause
50%
crystallized
50%
cure
50%
decide
50%
decide,
50%
diamonds
50%
die
50%
die)
50%
don't
50%
(Don't
50%
dry
50%
ethereal
50%
eyes
50%
fate
50%
feeling
50%
full
50%
get
50%
glow,
50%
god,
50%
good
50%
got
50%
growing
50%
happy,
50%
have
50%
he
50%
Heard
50%
heart
50%
heaven
50%
his
50%
if
50%
I'll
50%
in
50%
is
50%
it's
50%
I've
50%
kitty,
50%
knew
50%
let
50%
lost,
50%
love
50%
low,
50%
"Make
50%
Maybe
50%
maybe
50%
me
50%
mind
50%
mine
50%
my
50%
never
50%
never,
50%
now
50%
of
50%
on
50%
perfect
50%
praying
50%
predisposed
50%
regret
50%
Remember
50%
remember
50%
sad
50%
seldom,
50%
sign,
50%
speakers,
50%
state
50%
subtle
50%
swore
50%
talking
50%
tears
50%
the
50%
then
50%
this
50%
timed,
50%
to
50%
too
50%
uncomfortable
50%
up,
50%
up
50%
voice
50%
wanna
50%
was
50%
wasn't
50%
Well,
50%
what
50%
why
50%
why)
50%
You
50%
I'd
0%
wring
0%
No matching quizzes found
Score Distribution
Percent of People with Each Score
Percentile by Number Answered
Your Score History
You have not taken this quiz